|
|
|
|
| LEADER |
02341nam a2200613 4500 |
| 001 |
ocn868925614 |
| 003 |
OCoLC |
| 005 |
20170124070659.7 |
| 006 |
m o d |
| 007 |
cr cn||||||||| |
| 008 |
131226t20132013gw a ob 001 0 eng d |
| 040 |
|
|
|a E7B
|b eng
|e rda
|e pn
|c E7B
|d OCLCO
|d N$T
|d OCLCQ
|d DG1
|d CUS
|d OCLCF
|d COO
|d OCLCQ
|d DG1
|d GrThAP
|
| 019 |
|
|
|a 961623245
|a 962570209
|
| 020 |
|
|
|a 9783527680436
|q (electronic bk.)
|
| 020 |
|
|
|a 3527680438
|q (electronic bk.)
|
| 020 |
|
|
|a 9783527680467
|q (electronic bk.)
|
| 020 |
|
|
|a 3527680462
|q (electronic bk.)
|
| 020 |
|
|
|a 3527332278
|
| 020 |
|
|
|a 9783527332274
|
| 020 |
|
|
|a 3527680454
|
| 020 |
|
|
|a 9783527680450
|
| 020 |
|
|
|z 9783527332274
|
| 020 |
|
|
|z 9783527680450
|
| 029 |
1 |
|
|a CHBIS
|b 010259536
|
| 029 |
1 |
|
|a CHVBK
|b 325941041
|
| 029 |
1 |
|
|a DEBBG
|b BV041877893
|
| 035 |
|
|
|a (OCoLC)868925614
|z (OCoLC)961623245
|z (OCoLC)962570209
|
| 050 |
|
4 |
|a QD569
|b .E44 2013eb
|
| 072 |
|
7 |
|a TEC
|x 009070
|2 bisacsh
|
| 082 |
0 |
4 |
|a 621.31
|a 621.31/2429
|a 621.312429
|2 23
|
| 049 |
|
|
|a MAIN
|
| 245 |
0 |
0 |
|a Electrocatalysis /
|c edited by Richard C. Alkire [and three others].
|
| 264 |
|
1 |
|a Weinheim, Germany :
|b Wiley-VCH,
|c [2013]
|
| 264 |
|
4 |
|c ©2013
|
| 300 |
|
|
|a 1 online resource (xvi, 304 pages) :
|b illusrations.
|
| 336 |
|
|
|a text
|b txt
|2 rdacontent
|
| 337 |
|
|
|a computer
|b c
|2 rdamedia
|
| 338 |
|
|
|a online resource
|b cr
|2 rdacarrier
|
| 490 |
1 |
|
|a Advances in electrochemical sciences and engineering ;
|v volume 14
|
| 504 |
|
|
|a Includes bibliographical references and index.
|
| 588 |
0 |
|
|a Online resource; title from PDF title page (Wiley, viewed May 2, 2014).
|
| 650 |
|
0 |
|a Electrocatalysis.
|
| 650 |
|
0 |
|a Electrochemistry, Industrial.
|
| 650 |
|
0 |
|a Fuel cells.
|
| 650 |
|
7 |
|a TECHNOLOGY & ENGINEERING
|x Mechanical.
|2 bisacsh
|
| 650 |
|
7 |
|a Electrocatalysis.
|2 fast
|0 (OCoLC)fst00906358
|
| 650 |
|
7 |
|a Electrochemistry, Industrial.
|2 fast
|0 (OCoLC)fst00906383
|
| 650 |
|
7 |
|a Fuel cells.
|2 fast
|0 (OCoLC)fst00935856
|
| 655 |
|
4 |
|a Electronic books.
|
| 700 |
1 |
|
|a Alkire, R. C.,
|d 1941-
|
| 776 |
0 |
8 |
|i Print version:
|t Electrocatalysis.
|d Weinheim, Germany : Wiley-VCH, [2013]
|z 9783527332274
|w (OCoLC)859560785
|
| 830 |
|
0 |
|a Advances in electrochemical science and engineering ;
|v v. 14.
|
| 856 |
4 |
0 |
|u https://doi.org/10.1002/9783527680436
|z Full Text via HEAL-Link
|
| 994 |
|
|
|a 92
|b DG1
|